La pensée d'Edouard Rod Morceaux choiris / (Record no. 131056)

MARC details
000 -LEADER
campo de control de longitud fija 00518nam a2200169 4500
001 - NÚMERO DE CONTROL
campo de control 131056
003 - IDENTIFICADOR DE NÚMERO DE CONTROL
campo de control ES-MaACL
005 - FECHA Y HORA DE LA ÚLTIMA TRANSACCIÓN
campo de control 20230906193915.0
007 - CAMPO FIJO DE DESCRIPCIÓN FÍSICA--INFORMACIÓN GENERAL
campo de control de longitud fija t|
008 - DATOS DE LONGITUD FIJA--INFORMACIÓN GENERAL
campo de control de longitud fija 070214s1911 fr r ||||1| fre d
100 1# - ENTRADA PRINCIPAL--NOMBRE DE PERSONA
Nombre de persona Rod, Edouard.
9 (RLIN) 98088
245 13 - MENCIÓN DEL TÍTULO
Título La pensée d'Edouard Rod Morceaux choiris /
Mención de responsabilidad, etc. publies avec une preface par Julie de Mestral Combremont.
260 ## - PUBLICACIÓN, DISTRIBUCIÓN, ETC.
Lugar de publicación, distribución, etc. Paris :
Nombre del editor, distribuidor, etc. Perrin,
Fecha de publicación, distribución, etc. 1911.
300 ## - DESCRIPCIÓN FÍSICA
Extensión LIV, 278 p. ;
Dimensiones 19 cm.
700 1# - ENTRADA AGREGADA--NOMBRE PERSONAL
Nombre de persona Mestral Combremont, Julie de.
9 (RLIN) 80693
852 ## - LOCALIZACIÓN
Ubicación ES-MaACL
Número de control de estantería F-9038
Holdings
Estatus retirado Estado de pérdida Estado de daño No para préstamo Biblioteca de origen Biblioteca actual Ubicación en estantería Fecha de adquisición Fuente de adquisición Total de préstamos Signatura topográfica completa Código de barras Visto por última vez Precio de reemplazo Tipo de ítem Koha
        Biblioteca del Ateneo de Madrid Biblioteca del Ateneo de Madrid Sala Pecera Planta 2 17/01/2008     F-9038 1136444 23/02/2023 23/02/2023 Libro impreso